QCM les politiques de l'emploi - Statistiques

Statistiques générales
  • Ce quiz a été pris 20 fois
  • Le résultat moyen est 8 sur 10
Statistiques - réponses
Question Réponse % Correct
Les contrats aidés, comme le PEC, sont destinés principalement : Aux personnes en difficulté d’insertion professionnelle
100%
Le Compte Personnel de Formation (CPF) permet : De financer des formations tout au long de la vie professionnelle
100%
Quel organisme joue un rôle central dans l’accompagnement des demandeurs d’emploi en France ? Pôle emploi
100%
Le développement de l’employabilité repose surtout sur : A. La formation et l’acquisition de compétences
90%
Selon l’OCDE, les politiques de l’emploi ont pour objectif principal : De lutter contre le chômage et améliorer le marché du travail
90%
Pourquoi dit-on que les politiques actives et passives sont complémentaires ? L’une crée des emplois et l’autre protège les chômeurs
90%
Les politiques actives de l’emploi visent principalement à : Favoriser le retour à l’emploi
80%
L’assurance chômage est une mesure : De politique passive
70%
Quel est l’objectif principal des politiques passives de l’emploi ? Rendre le chômage plus supportable
70%
La préretraite et l’allongement de la durée des études ont pour effet : De réduire l’offre de travail
50%
Aucun quiz correspondant
Distribution des résultats
% des personnes avec chaque résultat
Percentile par nombre de réponses
Votre historique - résultats
Vous n’avez pas pris ce quiz